Development and planning literature on Rajasthan : A bibliography (Record no. 12526)
[ view plain ]
| 000 -LEADER | |
|---|---|
| fixed length control field | 00299nam a2200109Ia 4500 |
| 082 ## - DEWEY DECIMAL CLASSIFICATION NUMBER | |
| Classification number | RR 016.309262 DEV |
| 100 ## - MAIN ENTRY--AUTHOR NAME | |
| Personal name | Rajasthan Development Association |
| 245 #0 - TITLE STATEMENT | |
| Title | Development and planning literature on Rajasthan : A bibliography |
| 260 ## - PUBLICATION, DISTRIBUTION, ETC. (IMPRINT) | |
| Place of publication | n.p. |
| Name of publisher | n.p. |
| Year of publication | 1979 |
| 300 ## - PHYSICAL DESCRIPTION | |
| Number of Pages | 91p. |
| 942 ## - ADDED ENTRY ELEMENTS (KOHA) | |
| Koha item type | Books |
| Source of classification or shelving scheme | Dewey Decimal Classification |
| Withdrawn status | Lost status | Damaged status | Not for loan | Home library | Current library | Date acquired | Full call number | Accession Number | Price effective from | Koha item type |
|---|---|---|---|---|---|---|---|---|---|---|
| NASSDOC Library | NASSDOC Library | 08/10/2004 | RR 016.309262 DEV | 14409 | 18/04/2019 | Books |
